000 00680nam a22002055i 4500
001 156601
003 ES-MaACL
005 20230906210443.0
008 040802s1855 xxk |||| | eng d
040 _aCAM
_bspa
_cCAM
100 1 _aKimball, Richard B.
_9128454
245 1 0 _aStudents abroad
_b: their romance and real life /
_cby Richard B. Kimball.
250 _a2th ed.
260 _aLondon :
_bWard and Lock,
_c1855 (
_fPetter and Galpin, printers)
300 _a121 p. ;
_c18 cm.
650 4 _aNovela inglesa.
_9137408
752 _aGran BretaƱa -
_cLondres
852 _aES-MaACL
_jD-2681(1)
_z-- Enc. hol.
_z-- Legado de Modesto de la Fuente
999 _c156601
_d156601